000 00401nam a2200145Ia 4500
008 231129s1992||||xx |||||||||||||| ||spa||
020 _a958-95499-0-X
040 _bspa
082 _a346.052861 C268t
100 _aCardona Hernandez Guillermo
245 0 _aTratado de sucesiones
260 _c1992
264 _aEdiciones Abogados Libreria
942 _2ddc
_cBKS
999 _c25623
_d25623